Lana Del Rey- The greatest (All Lyrics) - Statistics

General Stats
  • This quiz has been taken 302 times
  • The average score is 196 of 241
Answer Stats
Lyrics % Correct
a
100%
I
99%
the
99%
The
99%
'n'
98%
all
96%
you,
96%
you
96%
and
95%
And
95%
of
95%
We
94%
we
94%
greatest
92%
it
92%
it,
92%
on
91%
miss
90%
Miss
90%
Beach
89%
had
88%
I'm
88%
is
88%
just
88%
most
88%
them
88%
fire
86%
where
86%
go
85%
that
84%
before
83%
get
83%
Long
82%
up
82%
was
82%
call
81%
with
81%
Boys
80%
dancing
80%
wake-
80%
were
80%
babe
79%
ball
79%
fall
79%
couldn't
78%
didn't
78%
Don't
78%
higher
78%
know
78%
LA
78%
need
78%
But
77%
culture
76%
leave,
76%
last
75%
loss
75%
nobody
75%
bar
74%
lit
74%
lit,
74%
nights
74%
off
73%
rock
73%
would
73%
after
72%
roll
72%
this
72%
When,
72%
wasted
71%
guess
70%
Me
70%
Those
70%
facing
69%
New
69%
signing
69%
if
68%
If
68%
my
68%
stop
68%
to
68%
Kanye
67%
music
67%
West
67%
York
67%
blond
64%
gone
64%
"Life
63%
warns
63%
doing
62%
friends,
62%
Mars?"
62%
nothin'
62%
in
61%
song
61%
want
61%
Dennis'
60%
it's
60%
ain't
58%
baby,
58%
like
58%
used
57%
flames,
56%
out
55%
Kokomo
54%
feel
53%
hot
53%
burned
52%
getting
52%
almost
50%
live
48%
fireball
41%
stream's
41%
missed
40%
shit
38%
Hawaii
33%
hope
19%
No matching quizzes found
Score Distribution
Percent of People with Each Score
Percentile by Number Answered
Your Score History
You have not taken this quiz